000 00959nam a2200277Ia 4500
003 OSt
005 20221005111059.0
006 a|||||r|||| 00| 0
007 ta
008 221004b |||||||| |||| 00| 0 kan d
020 _a9788171193615 (hbk)
_c200
024 _a17430
037 _bBR8397, 21/03/2015, Rajkamal Prakashan Pvt. Ltd.
_cTextual
040 _aCRL
_cCRL
_bkan
041 _2kan
_akan
082 _aO33,2N38,1, 152L5;Q0
100 _aकारनाड, गिरीश
245 0 _aहयवदन
246 _aHayavadana
250 _a2 संस्करण
260 _aनई दिल्ली
_bराधाकृष्ण भारत
_c2010
300 _a131पृ0
_ccm.
650 _aकन्नड़ साहित्य
942 _hO33,2N38,1, 152L5;Q0
_cTEXL
_2cc
999 _c1020752
_d1020752